Палеомагнитные исследования отложения верхнего протерозоя и кембрия восточного склона Кузнецкого Алатау: диссертация на соискание ученой степени кандидата геолого-минералогических наук; спец. 04.00.12.

Bibliographic Details
Main Author: Меркулов В. П. Виталий Павлович
Corporate Author: Томский политехнический институт
Other Authors: Миков Д. С. Дмитрий Степанович (научный руководитель)
Language:Russian
Published: Томск, [Б. и.], 1982
Subjects:
Format: Book
KOHA link:https://koha.lib.tpu.ru/cgi-bin/koha/opac-detail.pl?biblionumber=68133

MARC

LEADER 00000nbm0a2200000 4500
001 68133
005 20231031074523.0
035 |a (RuTPU)RU\TPU\book\72532 
090 |a 68133 
100 |a 20040930d1982 k y0rusy50 ca 
101 0 |a rus 
102 |a RU 
105 |a a m 001zy 
200 1 |a Палеомагнитные исследования отложения верхнего протерозоя и кембрия восточного склона Кузнецкого Алатау  |e диссертация на соискание ученой степени кандидата геолого-минералогических наук  |e спец. 04.00.12.  |f В. П. Меркулов  |g Томский политехнический институт ; науч. рук. Д. С. Миков 
210 |a Томск  |c [Б. и.]  |d 1982 
215 |a 245 л.  |c ил. 
320 |a Библиогр.: с. 227-239 (110 назв.) 
610 1 |a геология 
610 1 |a геофизические методы 
610 1 |a поиск 
610 1 |a разведка 
610 1 |a месторождения 
610 1 |a полезные ископаемые 
610 1 |a диссертации 
610 1 |a отложения 
610 1 |a протерозой 
610 1 |a кембрий 
675 |a 551.73(048)  |v 3 
675 |a 551.732(048)  |v 3 
686 |a 04.00.12.  |2 oksvnk 
700 1 |a Меркулов  |b В. П.  |c геолог  |c заведующий кафедрой Томского политехнического университета, кандидат геолого-минералогических наук  |c выпускник ТПИ 1976  |f 1953-  |g Виталий Павлович  |2 stltpush  |3 (RuTPU)RU\TPU\pers\18581 
702 1 |a Миков  |b Д. С.  |c российский геофизик  |c профессор Томского политехнического института  |f 1903-1985  |g Дмитрий Степанович  |2 stltpush  |3 (RuTPU)RU\TPU\pers\9657  |4 727 
712 0 2 |a Томский политехнический институт  |2 stltpush  |3 (RuTPU)RU\TPU\col\1123 
801 1 |a RU  |b 63413507  |c 20040930  |g PSBO 
801 2 |a RU  |b 63413507  |c 20160607  |g PSBO 
942 |c BK